Missing Word: Best-Sellers of the 1970s Quiz Stats

 Plays Quiz Updated Dec 13, 2012

Support Sporcle.
Go Orange.
Score 0/20 Timer 03:00
0 Plays Today
Book Missing % Correct
___ Man, Poor ManRich
94.8%
The Great ___ RobberyTrain
88.4%
Sophie's ___Choice
88.2%
Watership ___Down
88.1%
___, Tailor, Soldier, SpyTinker
85.6%
My ___ Is Asher LevName
78.8%
The ___ Lieutenant's WomanFrench
77.9%
Jonathan ___ SeagullLivingston
70.2%
Love ___Story
63.6%
___ of ChampionsBreakfast
61%
Book Missing % Correct
___ for Mr. GoodbarLooking
60.2%
The ___ ZoneDead
59.2%
The ___ BirdsThorn
57.2%
The Winds of ___War
54.3%
The Day of the ___Jackal
50.3%
The Seven-Per-Cent ___Solution
40.4%
Eye of the ___Needle
32.7%
___ ReduxRabbit
30.8%
Semi-___Tough
27.9%
Humboldt's ___Gift
11.7%

Today's Daily Dose

You're not logged in!

Compare scores with friends on all Sporcle quizzes.
OR
Log In
Forgot?

From the Vault

Colorful People by Picture

by lolshortee

It seems that people with colorful names have colorful personalities to match.
Remove Ads.
Support Sporcle.
Get the best of Sporcle when you Go Orange. This ad-free experience offers more features, more stats, and more fun while also helping to support Sporcle. Thank you for becoming a member.

Show Comments

Extras

Top Quizzes Today


Score Distribution

Your Account Isn't Verified!

In order to create a playlist on Sporcle, you need to verify the email address you used during registration. Go to your Sporcle Settings to finish the process.

Report this User

Report this user for behavior that violates our Community Guidelines.

Details: